| 000 | 00822cam a22002651 4500 | ||
|---|---|---|---|
| 001 | 8773335 | ||
| 003 | ARRUPE | ||
| 005 | 20160205122336.0 | ||
| 008 | 750520s1937 nyu 000 0ceng | ||
| 010 | _a 37027346 | ||
| 035 | _a(OCoLC)1347203 | ||
| 040 |
_aDLC _cFO _dOCoLC _dDLC |
||
| 042 | _apremarc | ||
| 050 | 0 | 0 |
_aPN4871 _b.L9 |
| 082 | _a920.5 | ||
| 100 | 1 |
_aLyons, Eugene (ed.) _d1898- _921851 |
|
| 245 | 1 | 0 |
_aWe cover the world/ _cby sixteen foreign correspondents, edited by Eugene Lyons. |
| 260 |
_aNew York, _bHarcourt, Brace and Company _c[c1937] |
||
| 300 |
_a3 p. l., 3-441 p. _c22 cm. |
||
| 500 | _aMaps on lining-papers. | ||
| 500 | _a"First edition." | ||
| 650 | 0 |
_aJournalists _xCorrespondence, reminiscences. _921853 |
|
| 906 |
_a7 _bcbc _coclcrpl _du _encip _f19 _gy-gencatlg |
||
| 942 |
_2lcc _cSPC |
||
| 999 |
_c124054 _d124054 |
||